000 01320cad a22002175a 4500
001 L157964
008 130906s2013 xxk f 000 0 eng d
035 _a(Sirsi) u157964
041 0 _aeng
100 1 _aGrimsey, Bill
245 0 4 _aThe Grimsey Review
_bAn alternative future for the high street
_h[electronic resource]
260 _a[S.l.]
_b[s.n.]
_c2013
520 _aOutlines the author's recommendations for the future of the high street based on the principle that town centres cannot rely on retail alone but must become digitally connected community hubs linking educational, manufacturing, business, leisure and cultural uses through freely available wi-fi. Calls for the establishment of town centre commissions to build 20 year visions supported by five year business plans, reintroduce 2015 business revaluation with a rates freeze from end of 2014 and encourage conversion of empty commercial property into residential use and other community uses.
590 _aKA
650 2 4 _aThe Grimsey Review
651 4 _aUnited Kingdom
_y
690 _aCommercial property
_96227
690 _aRefurbishment
_96264
856 4 0 _uhttps://www.vanishinghighstreet.com/wp-content/uploads/2013/09/GrimseyReview04.092.pdf
_zView the item free of charge from the www.vanishinghighstreet.com website.
942 _n0
999 _c115040
_d115040